00803nam a2200193 i 4500001000700000003000900007005001700016007000300033008004100036100005800077245013600135260004800271300002900319650004300348710004500391852003200436999001900468952012200487132075ES-MaACL20260215063015.0t|070214s1966 sp r ||||1| spa d aRodríguez Sahagún, Agustín, d1932-1991924088410aEstudio económico de la industria harinera española y de su posible reestructuración / cpor Agustín Rodríguez Sahagún. aMadrid : bGrupo Nacional Harinero, c1966. a94 p. : bil. ; c24 cm. 4aIndustria harinera-zEspaña.91638422 aGrupo Nacional Harinero (España)94533 aES-MaACLjC-32566 bR.63440 c132075d132075 00104070aATENEOMbATENEOMcDEPO2d2008-01-17eSCl0oC-32566p1137506r2023-02-23 00:00:00w2023-02-23yMONOGRAFIA